| 000 | 00355nam a2200145Ia 4500 | ||
|---|---|---|---|
| 008 | 230312s9999||||xx |||||||||||||| ||und|| | ||
| 020 | _a88-86846-01-1 | ||
| 082 |
_a720.19 _bROM-R |
||
| 100 | _aRome; The Vatican | ||
| 245 | 0 | _aRome from Its Origins to 2000 | |
| 260 |
_bLozzi Roma _aRoma _c2000 |
||
| 300 | _a125 | ||
| 650 | _aArchitecture | ||
| 942 | _cBK | ||
| 999 |
_c11874 _d11874 |
||